Giáo trình các phương pháp gia công đặc biệt
Nội dung tài liệu giới thiệu vật liệu khó gia công. Một số phương pháp gia công đặc biệt bằng tia lửa điện, anốt - cơ, gia công bằng siêu âm, tia nước, chùm tia điện tử, gia công bằng hồ quang plasma, bằng chùm tia lase...
Αποθηκεύτηκε σε:
| Κύριος συγγραφέας: | |
|---|---|
| Μορφή: | Βιβλίο |
| Γλώσσα: | Vietnamese |
| Έκδοση: |
H.
Khoa học và Kỹ thuật
2010
|
| Θέματα: | |
| Ετικέτες: |
Προσθήκη ετικέτας
Δεν υπάρχουν, Καταχωρήστε ετικέτα πρώτοι!
|
| Thư viện lưu trữ: | Thư viện Trường Đại học Nam Cần Thơ |
|---|
| LEADER | 01355aam a22002178a 4500 | ||
|---|---|---|---|
| 001 | NCT_5235 | ||
| 008 | 101005s2010 ||||||viesd | ||
| 999 | |c 265 |d 265 | ||
| 020 | |c 39000 | ||
| 082 | 0 | 4 | |2 23rd ed. |a 671 |b D304 |
| 100 | 1 | |a Đinh Minh Diệm | |
| 245 | 1 | 0 | |a Giáo trình các phương pháp gia công đặc biệt |c Đinh Minh Diệm |
| 260 | |a H. |b Khoa học và Kỹ thuật |c 2010 | ||
| 300 | |a 155tr. |b minh hoạ |c 24cm | ||
| 520 | 3 | |a Nội dung tài liệu giới thiệu vật liệu khó gia công. Một số phương pháp gia công đặc biệt bằng tia lửa điện, anốt - cơ, gia công bằng siêu âm, tia nước, chùm tia điện tử, gia công bằng hồ quang plasma, bằng chùm tia lase | |
| 655 | 7 | |a Giáo trình | |
| 942 | |2 ddc |c BK | ||
| 952 | |0 0 |1 0 |2 ddc |4 0 |6 671_000000000000000_D304 |7 0 |9 1502 |a 000001 |b 000001 |d 2017-10-17 |o 671 D304 |p MD.01437 |r 2017-10-17 |v 39000.00 |w 2017-10-17 |y BK | ||
| 952 | |0 0 |1 0 |2 ddc |4 0 |6 671_000000000000000_D304 |7 0 |9 1503 |a 000001 |b 000001 |d 2017-10-17 |o 671 D304 |p MD.01438 |r 2017-10-17 |v 39000.00 |w 2017-10-17 |y BK | ||
| 952 | |0 0 |1 0 |2 ddc |4 0 |6 671_000000000000000_D304 |7 0 |9 1504 |a 000001 |b 000001 |d 2017-10-17 |o 671 D304 |p MD.01439 |r 2017-10-17 |v 39000.00 |w 2017-10-17 |y BK | ||
| 980 | |a Thư viện Trường Đại học Nam Cần Thơ | ||